Fr. Conceicao Rodrigues College of Engineering

Why my horse does not drink:Learn to motivate people around you. (Record no. 34475)

MARC details
000 -LEADER
fixed length control field 00393nam a2200169Ia 4500
082 ## - DEWEY DECIMAL CLASSIFICATION NUMBER
Classification number 658.54/MEH
Item number MEH
100 ## - MAIN ENTRY--PERSONAL NAME
Personal name Mehrotra/Vivek
245 ## - TITLE STATEMENT
Title Why my horse does not drink:Learn to motivate people around you.
260 ## - PUBLICATION, DISTRIBUTION, ETC.
Name of publisher, distributor, etc. Viva Books
Place of publication, distribution, etc. Mumbai
Date of publication, distribution, etc. 2005
366 ## - TRADE AVAILABILITY INFORMATION
Publishers's discount category 20
300 ## - PHYSICAL DESCRIPTION
Extent 163
546 ## - LANGUAGE NOTE
Language note ENGLISH
650 ## - SUBJECT ADDED ENTRY--TOPICAL TERM
Topical term or geographic name entry element Motivation
654 ## - SUBJECT ADDED ENTRY--FACETED TOPICAL TERMS
Focus term motivate
942 ## - ADDED ENTRY ELEMENTS (KOHA)
Koha item type BOOK
Holdings
Withdrawn status Lost status Damaged status Not for loan Collection Home library Current library Date acquired Source of acquisition Cost, normal purchase price Inventory number Total Checkouts Full call number Barcode Date last seen Cost, replacement price Price effective from Koha item type
        CRC Fr. Agnel's C.Rodrigues College of Engineering Fr. Agnel's C.Rodrigues College of Engineering 17/03/2023 United Book Distributors 140.00 6281 dt 26/03/2008   658.54/MEH MEH 18626 17/03/2023 175.00   BOOK